| 000 | 00000nam##2200000za#4500 |
| 001 | 9.575931 |
| 003 | CaOODSP |
| 005 | 20210624184912 |
| 007 | cr ||||||||||| |
| 008 | 150406|2002||||xxc|||||o f|0| 0 eng|d |
| 022 | |a1495-0782 |
| 040 | |aCaOODSP|beng |
| 043 | |an-cn--- |
| 086 | 1 |aFA1-2/2002-5E-PDF |
| 110 | 1 |aCanada. |bOffice of the Auditor General. |
| 245 | 10|aReport of the Commissioner of the Environment and Sustainable Development to the House of Commons. Chapter 5, : |h[electronic resource]|bSustainable development strategies |
| 260 | |aOttawa - Ontario : |bOffice of the Auditor General of Canada |
| 300 | |a30p.|bfig., table |
| 490 | 1 |aReport of the Commissioner of the Environment and Sustainable Development to the House of Commons. [Chapters]|x1495-0782|v2002 |
| 500 | |aThe catalogue number (FA1-2/2002-5E) and ISBN (0-662-32875-2) for the print edition have been incorrectly copied in this electronic publication. |
| 590 | |a13-05-Supp|b2013-02-27 |
| 775 | 08|tRapport de la commissaire à l'environnement et au développement durable à la Chambre des communes. Chapitre 5, : |w(CaOODSP)9.605305 |
| 830 | #0|aReport of the Commissioner of the Environment and Sustainable Development to the House of Commons. [Chapters]|x1495-0782|v2002|w(CaOODSP)9.506251 |
| 856 | 40|ahttp://publications.gc.ca|qPDF|s389 KB|uhttps://publications.gc.ca/collections/collection_2013/bvg-oag/FA1-2-2002-5-eng.pdf|y2002 |